Tvorba informačného systému pre hĺbkovú analýzu dát pre malý podnik, s využitím databáz bakalárska práca

Salvato in:
Dettagli Bibliografici
Autore principale: Monov, Dávid
Ente Autore: Fakulta hospodárskej informatiky EU. Katedra aplikovanej informatiky
Altri autori: Kultan, Jaroslav, 1960-
Natura: Libro
Lingua:slovacco
Pubblicazione: Bratislava 2021
Tags: Aggiungi Tag
Nessun Tag, puoi essere il primo ad aggiungerne!!

MARC

LEADER 00000nbm a2200000 4500
001 0276218
005 20220317105453.1
041 0 |a slo 
044 |a SK 
245 1 0 |a Tvorba informačného systému pre hĺbkovú analýzu dát pre malý podnik, s využitím databáz  |b bakalárska práca  |c Dávid Monov ; školiteľ: Jaroslav Kultan 
264 1 |a Bratislava  |c 2021 
300 |a 79 s. 
100 1 |a Monov, Dávid 
700 1 |a Kultan, Jaroslav, 1960- 
710 2 |a Fakulta hospodárskej informatiky EU. Katedra aplikovanej informatiky